[Event "HUN-ch Rapid 2020"]
[Site "Ajka"]
[Date "2020.07.17"]
[Round "1.12"]
[White "Tamasi, Zoltan"]
[Black "Aczel, Gergely"]
[Result "0-1"]
[WhiteElo "1919"]
[BlackElo "2511"]
[Annotator "TA"]
[PlyCount "64"]
[EventDate "2020.07.17"]
[EventType "rapid"]
[EventCountry "HUN"]
[SourceTitle "playchess.com"]
[Source "ChessBase"]
[SourceQuality "1"]

{[%evp 21,64,-5,0,-39,-18,-55,-54,-75,-78,-77,-54,-60,-60,-62,-60,-81,-60,-57,-54,-71,-53,-66,-23,-106,-48,-50,-48,-96,-49,-111,-118,-129,-95,-179,-45,-131,-131,-266,-280,-290,-288,-1104,-1076,-1272,-1255]} 1. e4 c5 2. Nf3 d6 3. d4 cxd4 4. Nxd4 Nf6 5. Nc3 a6 6. g3 e5 7. Nde2 Be7 8. Bg2 b5 9. O-O Bb7 10. a3 O-O 11. h3 Nbd7 {[%cal Bb8d7,Bd7b6,Bb6c4][%mdl 32]} 12. Be3 {B91: Sicilian Najdorf: 6 g3.} Nb6 {[#]} 13. f4 $146 ({Predecessor:} 13. b3 Rc8 14. Qd2 d5 {½-½ (14) Malisauskas,V (2530)-Szekely,P (2455) Dhaka 1997}) 13... Nc4 14. Bc1 {Black is slightly better.} Rc8 15. Kh2 Qc7 16. b3 Nb6 17. Bb2 Rfd8 18. Qc1 h6 19. Qe3 Re8 20. Rad1 Nbd7 21. Rd2 Bf8 22. f5 (22. Nd5 $11 Nxd5 23. exd5) 22... Qb6 (22... Qc5 $17 23. Qd3 Qb6) 23. Qxb6 $15 Nxb6 24. Rfd1 Rc7 25. g4 (25. Nc1 $15) 25... Rec8 $17 26. Bf3 g5 27. Rd3 {[#]} (27. Ba1 $17) 27... Be7 ({Black should play} 27... a5 $1 $19 {Hoping for ...b4.} 28. R1d2 Ba6) 28. Nc1 (28. R1d2 $15) 28... Nbd7 29. N1a2 {This move loses the game for White.} (29. R1d2 $17 {is a better defense.}) 29... Nc5 $1 $19 {[%csl LRd3,LRe4][%mdl 64] Double Attack} 30. Re3 {[#]} Ncxe4 $1 {[%mdl 512]} 31. Re2 $2 (31. Bxe4 Bxe4 32. Nb4) (31. Nxe4 Rxc2+) 31... Nxc3 {[%mdl 64] Discovered Attack} 32. Nxc3 Bxf3 {Accuracy: White = 35%, Black = 62%.} 0-1

[Event "HUN-ch Rapid 2020"]
[Site "Ajka"]
[Date "2020.07.17"]
[Round "1.13"]
[White "Horvath, Adam"]
[Black "Kocsis, Soma"]
[Result "1-0"]
[WhiteElo "2488"]
[BlackElo "1579"]
[Annotator "TA"]
[PlyCount "47"]
[EventDate "2020.07.17"]
[EventType "rapid"]
[EventCountry "HUN"]
[SourceTitle "playchess.com"]
[Source "ChessBase"]
[SourceQuality "1"]

{[%evp 15,47,27,33,35,34,5,51,-41,-27,-53,22,22,23,0,90,82,133,135,160,154,187,187,387,390,385,381,360,368,650,642,648,637,29997,29998]} 1. e4 e6 2. d4 d5 3. Nd2 {[%cal Bb1d2,Bd2e4,Be4g5,Bg5f3][%mdl 32]} dxe4 4. Nxe4 Bd7 5. Nf3 Bc6 6. Bd3 Nd7 7. Qe2 Ngf6 8. Neg5 Bxf3 9. Nxf3 {C10: French with 3 Nc3: Unusual Black 3rd moves and 3...dxe4.} c5 10. Bd2 Qb6 {[#]} 11. O-O-O $146 ({White should play} 11. dxc5 $14 Bxc5 12. O-O) ({Predecessor:} 11. dxc5 Bxc5 12. O-O O-O 13. b4 Be7 14. c4 Rfd8 15. Rab1 Rac8 16. Bf4 a6 17. Rfd1 {1-0 (34) Farago,S (2240)-Mizsei,J (2056) Budapest 2008}) 11... cxd4 $15 12. Rhg1 Bb4 (12... Bd6 $15) 13. Bxb4 $11 Qxb4 14. g4 Nd5 (14... O-O $11) 15. Bb5 $16 d3 ({Black should try} 15... O-O-O) 16. Bxd7+ $1 Kxd7 17. Rxd3 Rhd8 {[#]} 18. Rgd1 $1 Kc7 $2 {[#]} (18... Qc5 19. Ng5 Ke8) 19. c4 $1 $18 {[%mdl 512]} Qc5 {...Nf4 is the strong threat.} (19... Qxc4+ 20. Rc3) 20. Qe5+ {[%mdl 64] Pin} Kb6 21. Kb1 Qxc4 $2 (21... Rac8 22. Qe1 (22. cxd5 $2 {leads to mate.} Qc2+ 23. Ka1 Qc1+ {[%mdl 64] Back Rank} 24. Rxc1 Rxc1#) 22... Nb4 23. Rxd8 Rxd8) 22. Rb3+ Ka6 23. Rc1 Qf4 {intending ...Qxe5.} 24. Qe2+ {Accuracy: White = 78%, Black = 24%.} 1-0

[Event "HUN-ch Rapid 2020"]
[Site "Ajka"]
[Date "2020.07.17"]
[Round "1.14"]
[White "Nagy, Miklos"]
[Black "Horvath, Peter"]
[Result "1/2-1/2"]
[WhiteElo "1760"]
[BlackElo "2409"]
[Annotator "TA"]
[PlyCount "100"]
[EventDate "2020.07.17"]
[EventType "rapid"]
[EventCountry "HUN"]
[SourceTitle "playchess.com"]
[Source "ChessBase"]
[SourceQuality "1"]

{[%evp 13,100,27,28,32,22,0,5,5,3,-31,-17,-47,-39,-38,-37,-44,-26,-44,-27,-27,-27,-33,-11,-47,-50,-72,-35,-47,-51,-47,-20,-44,-23,-50,-7,-18,-14,-37,-40,-44,-45,-43,-29,-50,-35,-41,-41,-35,-35,-41,0,0,0,0,0,0,0,0,0,0,10,8,35,4,3,4,7,3,3,0,0,0,0,0,0,0,0,0,0,0,0,-3,-3,-8,-8,-8,-3,-8,-8]} 1. e4 c5 2. Nf3 Nc6 3. d4 cxd4 4. Nxd4 e5 5. Nb5 d6 6. N1c3 a6 7. Na3 Be7 8. Nd5 {B32: Sicilian: Löwenthal and Kalashnikov Variations.} Nf6 9. Nxe7 (9. Nxf6+ {is more complex.} Bxf6 10. Nc4 Be7 11. Ne3 Be6 12. g3) 9... Nxe7 10. Bd3 d5 11. Qe2 O-O 12. O-O dxe4 13. Bxe4 Nxe4 14. Qxe4 Qc7 15. Re1 f6 16. Qc4+ Qxc4 17. Nxc4 Be6 {[#]} 18. Ne3 $146 ({Predecessor:} 18. Nb6 Rad8 19. Be3 Nf5 20. Bc5 Rfe8 21. Rad1 Bxa2 22. b3 Nd4 23. Bxd4 exd4 24. Rxe8+ Rxe8 {1-0 (35) Zhukov,S-Matorin,E (2307) Kiev 2004}) 18... Rfd8 19. b3 Nf5 20. Nxf5 Bxf5 21. c4 Rd3 22. Be3 Rad8 23. Kf1 e4 24. Ke2 Bg4+ 25. f3 exf3+ 26. gxf3 Bh5 27. Rg1 Kf7 28. Rg3 g5 29. h4 gxh4 30. Rh3 Bg6 {[#] ...Re8 is the strong threat.} 31. Kf2 Re8 32. Re1 Rc3 33. Rxh4 Bd3 34. Rd4 {Strongly threatening Bd2.} Rc2+ 35. Kg3 Bf5 36. Kf4 Re5 37. Rd6 Rxa2 38. Rxf6+ Kxf6 {The position is equal.} 39. Bd4 {[%mdl 64] [#] Pin} Kf7 40. Rxe5 $11 {[%mdl 4096] Endgame KRB-KRB} Bc2 41. Rc5 {Black should prevent Rc7+.} Bxb3 42. Rc7+ Ke6 43. Rxb7 Bxc4 44. Rxh7 a5 45. Rh5 a4 46. Re5+ Kd6 47. Bc5+ Kc6 48. Bf8 {Black must now prevent Rc5+.} Bd5 49. Kg3 Ra1 50. Re3 Rg1+ {Accuracy: White = 89%, Black = 84%.} 1/2-1/2

[Event "HUN-ch Rapid 2020"]
[Site "Ajka"]
[Date "2020.07.17"]
[Round "1.15"]
[White "Bagi, Mate"]
[Black "Kolimar, Kristof Pal"]
[Result "1-0"]
[WhiteElo "2478"]
[BlackElo "2135"]
[Annotator "TA"]
[PlyCount "57"]
[EventDate "2020.07.17"]
[EventType "rapid"]
[EventCountry "HUN"]
[SourceTitle "playchess.com"]
[Source "ChessBase"]
[SourceQuality "1"]

{[%evp 12,57,31,0,0,-8,27,27,22,16,8,14,59,55,281,273,272,257,265,262,271,257,266,236,438,241,229,229,224,221,406,397,436,420,548,515,794,536,1036,1076,1083,1079,989,687,1368,1335,5110,2142]} 1. e4 c5 2. Nf3 e6 3. d4 cxd4 4. Nxd4 a6 5. Be2 Qc7 6. Nc3 Nf6 {6...Nf6 is better than 6...b5.} 7. f4 Bb4 {B43: Sicilian: Kan Variation: 5 Nc3.} 8. e5 Bxc3+ 9. bxc3 Qxc3+ {[%mdl 64] [#] Double Attack. White has an edge.} 10. Qd2 $1 {[%cal Rd2c3] [#]} Qxd2+ $146 ({Much less strong is} 10... Qxa1 11. exf6 Nc6 12. fxg7 $15) ({Predecessor:} 10... Ne4 11. Qxc3 Nxc3 12. Bf3 Nb5 13. Nb3 Nc6 14. Be3 Na3 15. O-O-O Nc4 16. Bc5 b6 17. Bxc6 dxc6 {1-0 (35) Tomczak,J (2579)-Drozdowski,K (2468) Warsaw 2015}) 11. Bxd2 Nd5 12. c4 $36 {[%mdl 2048] White fights for an advantage.} Nc7 $2 (12... Ne7 $14) 13. Ba5 $18 Kd8 14. Bf3 Nc6 15. Nxc6+ bxc6 16. Rb1 Ra7 17. Ke2 Rb7 $2 (17... f6 18. Rhd1 Rb7) 18. Rhd1 (18. Ke3 $142) 18... f6 19. Ke3 Rf8 20. Bb4 Rf7 $2 (20... Rxb4 {might work better.} 21. Rxb4 fxe5) 21. Bxc6 Rb6 22. Be4 f5 23. Bf3 {White is clearly winning.} Bb7 (23... Rxb4 $142 24. Rxb4 Ke7) 24. Be7+ {[%mdl 64] [#] Discovered Attack} Rxe7 25. Rxb6 Bc8 26. Rb8 Ne8 27. Rdb1 Kc7 28. Ra8 d6 29. Rbb8 {Black did not feel at home in the position after the opening. Accuracy: White = 69%, Black = 27%.} 1-0

[Event "HUN-ch Rapid 2020"]
[Site "Ajka"]
[Date "2020.07.17"]
[Round "1.16"]
[White "Soos, David"]
[Black "Seres, Lajos"]
[Result "0-1"]
[WhiteElo "1818"]
[BlackElo "2418"]
[Annotator "TA"]
[PlyCount "40"]
[EventDate "2020.07.17"]
[EventType "rapid"]
[EventCountry "HUN"]
[SourceTitle "playchess.com"]
[Source "ChessBase"]
[SourceQuality "1"]

{[%evp 11,40,-51,-37,-67,-31,-82,-76,-90,-79,-85,-78,-72,-79,-109,-114,-132,-128,-128,-126,-133,-130,-151,-143,-130,-134,-156,-131,-241,-249,-562,-540]} 1. d4 Nf6 2. Nf3 d5 3. g3 c5 4. Bg2 cxd4 5. Nxd4 e5 6. Nf3 Nc6 7. O-O {D02: 1 d4 d5 2 Nf3 sidelines, including 2...Nf6 3 g3 and 2...Nf6 3 Bf4.} Be7 8. Bg5 (8. c4 $1 $15) 8... O-O $17 9. c3 {Black is better.} Be6 10. Nbd2 h6 11. Bxf6 Bxf6 {[#]} 12. Nb3 $146 ({Predecessor:} 12. e4 dxe4 13. Nxe4 Be7 14. Qe2 f5 15. Ned2 Bf6 16. Rfd1 Qb6 17. Nc4 Qa6 18. Bf1 {0-1 (32) Balouka Myers,R (1667)-Ireland,D (1916) England 2016}) 12... Qb6 13. Rc1 Rfd8 14. Nfd2 a5 {aiming for ...a4.} 15. a4 Rac8 16. e3 d4 17. cxd4 exd4 18. exd4 Nxd4 19. Rxc8 (19. Nxd4 $17 {is the only way for White.} Rxc1 20. Qxc1 Bxd4 21. b3) 19... Bxc8 $19 ({Resist} 19... Rxc8 20. Nxd4 Bxd4 21. b3 $17) 20. Nxd4 $2 {[#]} (20. Nc1 {is a better chance.}) 20... Qxd4 {Black took control after the opening. Accuracy: White = 53%, Black = 90%.} ({Weaker is} 20... Bxd4 21. b3 $17) 0-1

[Event "HUN-ch Rapid 2020"]
[Site "Ajka"]
[Date "2020.07.17"]
[Round "1.17"]
[White "Kaczur, Florian"]
[Black "Forgacs, Attila Jr."]
[Result "1-0"]
[WhiteElo "2507"]
[BlackElo "2111"]
[Annotator "TA"]
[PlyCount "67"]
[EventDate "2020.07.17"]
[EventType "rapid"]
[EventCountry "HUN"]
[SourceTitle "playchess.com"]
[Source "ChessBase"]
[SourceQuality "1"]

{[%evp 9,67,-26,-20,-37,-24,-31,7,0,12,8,29,17,14,22,37,25,31,25,18,38,48,0,0,0,15,17,147,150,153,139,145,137,145,129,218,216,219,240,310,300,327,283,320,322,313,298,310,308,385,366,609,330,1173,1164,1127,1139,5406,1427,6282,5393]} 1. e4 e5 2. Nf3 Nc6 3. a3 Nf6 4. d3 d5 5. exd5 Nxd5 6. c4 {C44: Ponziani Opening and Scotch Gambit.} Nf6 7. Nc3 Bg4 8. Be2 {[#] The position is equal.} a5 $146 ({Predecessor:} 8... Be7 9. O-O O-O 10. Re1 Re8 11. b4 Bf8 12. Ne4 Nxe4 13. dxe4 Bxf3 14. Bxf3 Qf6 {0-1 (46) Graffenberger,M (1428)-Eberhardt,M (1763) Hamburg 2018}) 9. O-O Bc5 10. Be3 Bxe3 11. fxe3 O-O 12. h3 Bh5 13. Nh4 Bxe2 14. Qxe2 Ne7 15. Rxf6 gxf6 16. Rf1 Ng6 17. Nf5 Re8 {White now steadily converts the win.} (17... Ra6 $11) 18. Ne4 $16 {[%mdl 1024] Black must now prevent Nxf6+! White has strong compensation.} Re6 19. Qh5 Kh8 20. Nh6 $1 {[%cal Rh6f7]} Qe7 21. Ng4 Raa6 {[#]} (21... Rg8 $16 22. Ngxf6 (22. Nexf6 Rg7 $16) 22... Rg7) 22. b4 $1 $18 {[%cal Rb4b5][%mdl 512] And now b5 would win.} axb4 23. axb4 $40 {[%mdl 128] Hoping for b5. White attacks with force.} b5 24. Nc5 (24. cxb5 Rab6 $16) 24... bxc4 25. dxc4 ({Not} 25. Nxe6 Rxe6 26. dxc4 e4 $16) 25... Rac6 26. Nxe6 Rxe6 27. c5 Qd8 28. Nh6 Qf8 29. Rd1 Re8 $2 (29... e4 30. Nf5 Re8) 30. Kh2 {Strongly threatening Rd7.} Ne7 $2 (30... e4 31. Ng4 Re6) 31. Nxf7+ {White is clearly winning.} Kg7 {[#]} 32. Nh6 $1 Ng6 33. Rd7+ Re7 34. Nf5+ {[%mdl 64] Double Attack, Pin. Accuracy: White = 89%, Black = 36%.} 1-0

[Event "HUN-ch Rapid 2020"]
[Site "Ajka"]
[Date "2020.07.17"]
[Round "1.18"]
[White "Gaal, Zsoka"]
[Black "Ruck, Robert"]
[Result "1/2-1/2"]
[WhiteElo "2151"]
[BlackElo "2540"]
[Annotator "TA"]
[PlyCount "64"]
[EventDate "2020.07.17"]
[EventType "rapid"]
[EventCountry "HUN"]
[SourceTitle "playchess.com"]
[Source "ChessBase"]
[SourceQuality "1"]

{[%evp 20,64,45,8,18,10,46,0,4,-5,10,0,0,0,0,0,0,0,10,-25,-14,-21,-22,-27,-10,-36,-36,-36,-36,-35,-34,-35,-38,-86,-81,-77,0,0,0,0,0,0,0,0,0,0,0]} 1. Nf3 g6 2. d4 Nf6 3. g3 Bg7 4. Bg2 d5 5. O-O O-O 6. c4 dxc4 7. Na3 Nc6 8. Nxc4 Be6 9. b3 a5 10. Bb2 Bd5 11. Nfe5 Bxg2 {D77: Fianchetto Grünfeld: 6 0-0: Replies other than 6...c6.} 12. Kxg2 Nxe5 13. Nxe5 c6 14. Qc2 Nd7 15. Nxd7 Qxd7 {[#]} 16. Rfd1 $146 ({Predecessor:} 16. e3 e6 {½-½ (16) Zagrebelny,S (2484)-Kovchan,A (2518) Togliatti 2006}) 16... Rfd8 17. Rd2 e6 18. Rad1 Qe7 19. f3 a4 20. e4 axb3 21. Qxb3 Rd7 22. d5 exd5 23. Bxg7 Kxg7 24. exd5 cxd5 25. Rxd5 Rxd5 26. Rxd5 $15 {[%mdl 4096] Endgame KQR-KQR} Qe2+ {[%mdl 64] Double Attack} 27. Kg1 Rxa2 (27... Rc8 $17 {( -> ...Rc1+)} 28. Qd1 Qxa2 29. Qd4+ Kg8 30. Rd8+ Rxd8 31. Qxd8+ Kg7 32. Qd4+ f6) 28. Qc3+ $11 {The position is equal.} Kh6 $1 {[%csl Ga2][%cal Re2g2]} ({Wrong is} 28... f6 $2 29. Qc7+ Kf8 30. Rd8+ Qe8 31. Qc5+ Kf7 32. Qc4+ Kf8 33. Rxe8+ $18) 29. Qc1+ {[#]} Kg7 $1 {[%csl Ga2][%cal Re2g2]} 30. Qc3+ Kh6 $1 {[%csl Ga2][%cal Re2g2]} ({But not} 30... f6 $2 31. Qc7+ Kf8 32. Rd8+ Qe8 33. Qd6+ Kf7 34. Qc7+ Kf8 35. Qc5+ Kf7 36. Qd5+ Kf8 37. Rxe8+ $18) 31. Qc1+ {[#]} Kg7 $1 {[%csl Ga2][%cal Re2g2]} 32. Qc3+ Kh6 $1 {Accuracy: White = 81%, Black = 94%.} ({Don't blunder} 32... f6 $2 33. Qc7+ {[%mdl 64] Double Attack} Kf8 34. Rd8+ Qe8 35. Qc5+ Kf7 36. Qc7+ Kf8 37. Qd6+ Kf7 38. Qd5+ Ke7 39. Rxe8+ $18) 1/2-1/2

[Event "HUN-ch Rapid 2020"]
[Site "Ajka"]
[Date "2020.07.17"]
[Round "1.19"]
[White "Horvath, Jozsef"]
[Black "Karacsonyi, Kata"]
[Result "1-0"]
[WhiteElo "2438"]
[BlackElo "2004"]
[Annotator "TA"]
[PlyCount "55"]
[EventDate "2020.07.17"]
[EventType "rapid"]
[EventCountry "HUN"]
[SourceTitle "playchess.com"]
[Source "ChessBase"]
[SourceQuality "1"]

{[%evp 21,55,18,15,10,13,0,1,0,16,13,53,43,56,50,45,45,61,47,51,56,108,73,200,221,286,304,286,266,354,352,350,341,627,615,591,597]} 1. c4 Nf6 2. Nc3 e6 3. Nf3 c5 4. g3 d5 5. cxd5 exd5 6. d4 Nc6 7. Bg2 Be7 8. O-O O-O 9. Bg5 c4 10. Ne5 Be6 11. Rc1 h6 12. Bxf6 {D34: Tarrasch Defence: 6 g3 Nf6 7 Bg2 Be7.} Bxf6 13. f4 Bxe5 14. dxe5 {[%cal Rc3d5] The position is equal.} d4 15. Ne4 Bd5 {[#]} 16. Nd6 $146 ({Predecessor:} 16. Qd2 b5 17. f5 Re8 18. f6 Rxe5 19. fxg7 Kxg7 20. Rf6 Rh5 21. Rcf1 Qe7 22. Qf4 Ne5 23. g4 Ng6 24. Rxg6+ {1-0 (24) Roehrich,E-Thiermann,O Riedenburg 1947}) 16... Bxg2 17. Kxg2 b5 18. b3 c3 19. e3 $1 b4 20. exd4 Qb6 (20... Qa5 $14) 21. d5 $36 {[%mdl 2048] Black is under strong pressure.} Nd4 (21... Ne7 $16) 22. Qd3 $18 {Rfd1 is the strong threat.} a6 23. Rfd1 Nb5 24. Nf5 {[%cal Bd6f5,Bf5e7,Be7c6][%mdl 32]} Rfd8 25. Qf3 Ra7 26. d6 Qb7 $2 {[#]} (26... g6) 27. Ne7+ Kf8 28. Nc6 {[%mdl 64] Double Attack. Black got outplayed after the opening. Accuracy: White = 100%, Black = 37%.} 1-0

[Event "HUN-ch Rapid 2020"]
[Site "Ajka"]
[Date "2020.07.17"]
[Round "1.20"]
[White "Kratzmajer, Akos Gyorgy"]
[Black "Kozak, Adam"]
[Result "0-1"]
[WhiteElo "2019"]
[BlackElo "2503"]
[Annotator "TA"]
[PlyCount "84"]
[EventDate "2020.07.17"]
[EventType "rapid"]
[EventCountry "HUN"]
[SourceTitle "playchess.com"]
[Source "ChessBase"]
[SourceQuality "1"]

{[%evp 11,84,24,39,36,26,36,32,0,8,-16,0,-14,-14,-22,-12,-39,-16,0,-4,-31,-12,-55,-50,-73,-54,-125,-112,-120,-107,-153,-152,-191,-200,-408,-403,-454,-408,-370,-353,-635,-622,-767,-766,-1455,-600,-602,-592,-568,-454,-681,-682,-663,-673,-655,-697,-685,-664,-816,-240,-29983,-29983,-29992,-29993,-29993,-29994,-29994,-29994,-29995,-29996,-29996,-29997,-29997,-29998,-29998,-29999]} 1. e4 e5 2. Nf3 Nc6 3. Nc3 Nf6 4. d4 exd4 5. Nxd4 Bc5 6. Be3 Bb6 7. Qd2 {outshines the older 7.Nxc6. C47: Scotch Four Knights and Four Knights with 4 g3.} Ng4 8. Nxc6 bxc6 9. Bxb6 {White is slightly better.} axb6 {[#]} 10. Bc4 $146 ({Predecessor:} 10. h3 Nf6 11. O-O-O O-O 12. g4 Qe7 13. Re1 d6 14. Kb1 b5 15. a3 Nd7 16. f4 {0-1 (31) Soors,S (2398)-Shyam,S (2485) Groningen 2015}) 10... d6 11. h3 Ne5 12. Bb3 O-O 13. O-O-O b5 14. f4 Nd7 15. e5 d5 16. Qe3 Qe7 17. Kb1 Nb6 18. g4 {White is on the road to losing.} (18. Ne2 $15) 18... b4 19. Ne2 c5 {Threatens to win with ...c4.} 20. c3 bxc3 21. Qxc3 d4 22. Qd3 $2 (22. Nxd4 cxd4 23. Rxd4) 22... Ba6 $19 23. Qe4 c4 24. Nxd4 {Hoping for Bc2.} cxb3 25. axb3 $2 (25. Rhe1) 25... c5 26. Nf5 Qa7 27. Nxg7 {[#]} Kxg7 (27... Bb7 $142 $1 28. Qe3 Bxh1) 28. Qf5 Qe7 ({Weaker is} 28... Bc8 29. Qf6+ Kg8 30. Qg5+ Kh8 31. Qf6+ Kg8 32. Qg5+ Kh8 33. Qf6+ Kg8 $11) 29. Rd6 Rab8 30. Qh5 (30. Rhd1 $142 Bc8 31. Qh5) 30... Kh8 31. Qh6 Bb7 32. Rhd1 Be4+ 33. Kc1 c4 34. Rxb6 cxb3 $2 (34... Qc5 35. Rxb8 cxb3+ {[%mdl 64] Discovered Attack} 36. Kd2 Qf2+ 37. Kc3 Qc2+ 38. Kd4 Rxb8) 35. Rdd6 $2 {[#]} (35. Qf6+ $19 Qxf6 36. Rxf6) 35... Rxb6 {Black mates.} 36. Rxb6 Qc5+ 37. Kd2 Qd4+ {[%mdl 64] Double Attack} 38. Ke2 Qd3+ 39. Kf2 Qd2+ {[%mdl 64] Double Attack} 40. Kf1 Bd3+ 41. Kg1 Qe1+ 42. Kg2 Be4+ {Accuracy: White = 43%, Black = 83%.} 0-1

[Event "HUN-ch Rapid 2020"]
[Site "Ajka"]
[Date "2020.07.17"]
[Round "1.21"]
[White "Korpa, Bence"]
[Black "Karikas, Marianna"]
[Result "1-0"]
[WhiteElo "2545"]
[BlackElo "1828"]
[Annotator "TA"]
[PlyCount "45"]
[EventDate "2020.07.17"]
[EventType "rapid"]
[EventCountry "HUN"]
[SourceTitle "playchess.com"]
[Source "ChessBase"]
[SourceQuality "1"]

{[%evp 14,45,36,21,34,21,59,18,93,83,81,43,96,47,106,66,70,54,109,110,447,456,503,507,524,423,658,653,712,716,877,831,961,956]} 1. e4 g6 2. d4 d6 3. Nc3 Bg7 4. g3 Nd7 5. Bg2 e5 6. Nge2 Ngf6 7. O-O {7.h3 is vanishing.} O-O 8. h3 Nb6 {[#] B07: Pirc Defence: Miscellaneous Systems.} 9. f4 $146 ({Predecessor:} 9. a4 c6 10. a5 Nbd7 11. Be3 Re8 12. g4 Nf8 13. dxe5 dxe5 14. f4 exf4 15. Bxf4 Be6 16. Qxd8 Raxd8 {1-0 (63) Celik,E (1680)-Mammadova,S (1768) Kallithea 2016}) 9... Qe7 10. b3 c5 (10... exd4 $11 {keeps the balance.} 11. Qxd4 Bd7) 11. fxe5 dxe5 12. d5 c4 (12... Ne8 $14) 13. Be3 Qd8 ({Black should try} 13... Ne8 $14) 14. Kh2 Bd7 15. Qd2 $36 {[%mdl 2048] White is more active.} Rc8 (15... Qe7 $14) 16. Bg5 $16 Qc7 $2 {[%mdl 8192] [#] Black cannot hold the game after this.} (16... Qe7 $16 {is a better chance.} 17. Qe3 Qd6) 17. Bxf6 $18 {White is clearly winning.} Bxf6 18. Rxf6 Kg7 19. Rf2 f5 (19... h5 $142 20. b4 f6) 20. exf5 Bxf5 21. Raf1 Qd7 22. b4 Rce8 23. g4 {Accuracy: White = 76%, Black = 14%.} 1-0

[Event "HUN-ch Rapid 2020"]
[Site "Ajka"]
[Date "2020.07.17"]
[Round "1.22"]
[White "Sarmasi, Peter"]
[Black "Mester, Gyula"]
[Result "0-1"]
[WhiteElo "1770"]
[BlackElo "2341"]
[Annotator "TA"]
[PlyCount "58"]
[EventDate "2020.07.17"]
[EventType "rapid"]
[EventCountry "HUN"]
[SourceTitle "playchess.com"]
[Source "ChessBase"]
[SourceQuality "1"]

{[%evp 22,58,-43,-58,2,-43,-30,-52,-51,-49,-13,-8,-2,-75,-15,-84,-92,-245,-258,-265,-237,-280,-277,-278,-249,-333,-299,-578,-574,-552,-540,-1222,-1208,-1202,-1199,-29989,-29990,-29990,-29991]} 1. e4 c5 2. Nf3 Nc6 3. d3 e6 4. Nbd2 Nf6 5. g3 d5 6. Bg2 Be7 7. O-O O-O 8. Re1 Qc7 9. e5 Nd7 10. Qe2 b5 11. Nf1 a5 {11...Bb7 injects fresh life into this line.} 12. h4 {[#]} f5 $146 {C00: French: Unusual White 2nd moves.} (12... h6 $15) ({Predecessor:} 12... b4 13. Bf4 a4 14. a3 bxa3 15. bxa3 Ba6 16. N1h2 Rfc8 17. h5 h6 18. Ng4 Kh7 19. c4 dxc4 20. dxc4 Bb7 {1-0 (29) Movsesian,S (2658)-Stern,R (2538) Berlin 2015}) 13. Bf4 (13. exf6 $5 Nxf6 14. Bh3 $11) 13... Nb6 14. c3 b4 {Black is slightly better.} 15. Ng5 Bxg5 16. Bxg5 Rb8 17. Bf4 {[#]} (17. Be3 $11) 17... Bd7 ({Black should try} 17... bxc3 $1 $17 {White must now prevent ...Nd4.} 18. bxc3 d4) 18. Ne3 (18. Rac1 $11 {remains equal.}) 18... d4 19. Nd5 $2 {Loses the game.} (19. Nd1 $17 {was called for.}) 19... Nxd5 $19 20. Bxd5 bxc3 21. bxc3 dxc3 22. Bxc6 Bxc6 23. Qc2 Qd7 {...Qd5 is the strong threat.} 24. Qxc3 $2 (24. f3 {was the only chance.}) 24... Qd5 {[%csl Gc6][%cal Rd5h1]} 25. Kf1 Rfd8 26. Rad1 Qg2+ 27. Ke2 Bf3+ {[%mdl 64] [#] Skewer} 28. Kd2 Qxf2+ 29. Kc1 Qxa2 {Accuracy: White = 17%, Black = 77%.} 0-1